Statistiques concernant Guess the Taylor Swift's song thanks to its anagram #1

Cliquez ici pour prendre le quiz!

Statistiques générales

  • Ce quiz a été pris 38 fois
  • Le résultat moyen est 10 sur 15

Statistiques - réponses

AlbumAnagramSong Title% Correct
LoverITHKI Think He Knows
91%
LoverYNTCDYou Need To Calm Down
84%
Midnights (The Til Dawn Edition)VSVigilante Shit
78%
LoverINTHAFIt's Nice To Have A Friend
75%
Taylor SwiftPTBPicture To Burn
75%
LoverLBLondon Boy
72%
1989 (Taylor's Version) [Deluxe VersionNTWDTTVFTVNow That We Don't Talk (Taylor's Version) (From The Vault)
72%
LoverCSCruel Summer
66%
LoverIFTYEI Forgot That You Existed
66%
Midnights (The Til Dawn Edition)MRMidnight Rain
66%
evermore (deluxe version)GRgold rush
59%
1989 (Taylor's Version) [Deluxe VersionSTVFTV"Slut!" ((Taylor's Version) (From The Vault)
56%
1989 (Taylor's Version) [Deluxe VersionSLTVFTVSuburban Legends (Taylor's Version) (From The Vault)
56%
Midnights (The Til Dawn Edition)SNSweet Nothing
47%
Fearless (Taylor's Version)TWTVFTVThat's When (Taylor's Version) (From The Vault)
28%

Distribution des résultats

Percentile par nombre de réponses

% des personnes avec chaque résultat

Votre développement - résultats

Vous n’avez pas pris ce quiz